[Event "59th NED-ch"]
[Site "Leeuwarden NED"]
[Date "2003.07.05"]
[Round "9"]
[White "Nijboer, Friso"]
[Black "Ernst, Sipke"]
[Result "1/2-1/2"]
[WhiteElo "2565"]
[BlackElo "2099"]
[EventDate "2003.06.26"]
[PlyCount "83"]

1.e4 e5 2.Nf3 Nc6 3.Bb5 a6 4.Ba4 Nf6 5.O-O Nxe4 6.d4 b5 7.Bb3 d5 8.dxe5 
Be6 9.Nbd2 Be7 10.c3 O-O 11.Bc2 f5 12.Nb3 Qd7 13.Nfd4 Nxd4 14.Nxd4 c5 15.
Nxe6 Qxe6 16.Re1 Rad8 17.f3 Ng5 18.a4 Qb6 19.axb5 axb5 20.Bxg5 Bxg5 21.f4 
Be7 22.Kh1 c4 23.Qf3 b4 24.g4 fxg4 25.Qxg4 b3 26.Rg1 g6 27.Bxg6 hxg6 28.f5
d4 29.Raf1 Rf7 30.Qe4 Kh8 31.Rf3 Rh7 32.f6 Bxf6 33.Rxf6 Qb7 34.Rc6 dxc3 
35.Qxg6 Rf8 36.bxc3 b2 37.Rd1 Qe7 38.Rf6 Rd8 39.Rxd8+ Qxd8 40.Rf1 Qa8+ 41.
Qg2 Qxg2+ 42.Kxg2 1/2-1/2

[Event "59th NED-ch"]
[Site "Leeuwarden NED"]
[Date "2003.07.05"]
[Round "9"]
[White "Van Wely, Loek"]
[Black "Delemarre, Jop"]
[Result "1-0"]
[WhiteElo "2714"]
[BlackElo "2426"]
[EventDate "2003.06.26"]
[PlyCount "83"]

1.d4 d5 2.c4 c6 3.Nf3 e6 4.e3 Nf6 5.Bd3 Nbd7 6.O-O Bd6 7.Nbd2 O-O 8.e4 e5 
9.cxd5 cxd5 10.exd5 exd4 11.Ne4 Nxe4 12.Bxe4 Nf6 13.Qxd4 Nxe4 14.Qxe4 Re8 
15.Qd4 b6 16.Bg5 f6 17.Bh4 Bb7 18.Rfd1 Rc8 19.Qa4 Re7 20.Rd2 Rc5 21.Rad1 
Rd7 22.Qg4 Kh8 23.Kh1 Bc7 24.d6 Rxd6 25.Rxd6 Bxd6 26.Qe6 Bxf3 27.gxf3 Qa8 
28.Qxd6 Qxf3+ 29.Kg1 h5 30.Qd8+ Kh7 31.Qd3+ Qxd3 32.Rxd3 Rc2 33.Rb3 Rc5 
34.Bg3 Ra5 35.a3 g5 36.h4 Kg6 37.Rc3 Rb5 38.b4 a5 39.Rc4 axb4 40.Rxb4 Rxb4
41.axb4 b5 42.Kg2 1-0